[Event "Budapest FS04 FM-B"]
[Site "Budapest"]
[Date "2004.04.12"]
[Round "2.4"]
[White "Merey, Sandor"]
[Black "Ruszin, Tibor"]
[Result "0-1"]
[WhiteElo "2000"]
[BlackElo "2077"]
[PlyCount "60"]
[EventDate "2004.04.04"]
[EventType "tourn"]
[EventRounds "10"]
[EventCountry "HUN"]
[SourceTitle "CBM 099 Extra"]
[Source "ChessBase"]
[SourceDate "2004.05.04"]
[SourceVersion "1"]
[SourceVersionDate "2004.05.04"]
[SourceQuality "1"]

1. e4 c5 2. Nf3 Nc6 3. d4 cxd4 4. Nxd4 g6 5. Be3 Nf6 6. Nd2 Bg7 7. c3 0-0 8. Bc4 Ne5 9. Be2 d5 10. f4 Neg4 11. Bxg4 Bxg4 12. Qc2 dxe4 13. Nxe4 Nd5 14. Qf2 e5 15. fxe5 Nxe3 16. Qxe3 Re8 17. 0-0 Rxe5 18. Qf4 Bf5 19. Ng3 Qb6 20. Rf2 Rae8 21. h4 Be6 22. Raf1 Bc4 23. Ra1 Re1+ 24. Rxe1 Rxe1+ 25. Kh2 Be5 26. Qg4 Qc7 27. b3 Bxg3+ 28. Qxg3 Rh1+ 29. Kxh1 Qxg3 30. Rf3 Qxh4+ 0-1

[Event "Budapest FS04 FM-B"]
[Site "Budapest"]
[Date "2004.04.10"]
[Round "2.2"]
[White "Ingason, Sigurdur"]
[Black "Merey, Sandor"]
[Result "0-1"]
[WhiteElo "1937"]
[BlackElo "2000"]
[PlyCount "86"]
[EventDate "2004.04.04"]
[EventType "tourn"]
[EventRounds "10"]
[EventCountry "HUN"]
[SourceTitle "CBM 099 Extra"]
[Source "ChessBase"]
[SourceDate "2004.05.04"]
[SourceVersion "1"]
[SourceVersionDate "2004.05.04"]
[SourceQuality "1"]

1. c4 Nf6 2. g3 e6 3. Nf3 d5 4. b3 Be7 5. Bg2 c6 6. Bb2 a5 7. d3 Nbd7 8. Nbd2 Qc7 9. 0-0 e5 10. cxd5 Nxd5 11. Rc1 Qb8 12. Nc4 f6 13. e4 Nc7 14. d4 exd4 15. Nxd4 0-0 16. Nf5 Bc5 17. Ncd6 Bxd6 18. Qxd6 Nb6 19. Ne7+ Kf7 20. Nxc6 bxc6 21. Rxc6 Ne8 22. Qc5 Ra6 23. Ba3 Rg8 24. Qe7+ Kg6 25. e5 Bf5 26. Qc5 Nd7 27. Qc4 Rxc6 28. Bxc6 Nxe5 29. Qxg8 Nxc6 30. Qf8 Qe5 31. Qc5 Qe6 32. f3 h5 33. Qc3 Qd5 34. Qc5 Qe6 35. Qc3 Nc7 36. Re1 Ne5 37. Rc1 Nb5 38. Qxa5 Nxa3 39. Qxa3 Nxf3+ 40. Kf2 Nxh2 41. Qc5 Ng4+ 42. Kf1 Bd3+ 43. Kg1 Qe2 0-1

[Event "Budapest FS04 FM-B"]
[Site "Budapest"]
[Date "2004.04.06"]
[Round "1.3"]
[White "Gulde, Juergen"]
[Black "Merey, Sandor"]
[Result "1-0"]
[WhiteElo "2051"]
[BlackElo "2000"]
[PlyCount "87"]
[EventDate "2004.04.04"]
[EventType "tourn"]
[EventRounds "10"]
[EventCountry "HUN"]
[SourceTitle "CBM 099 Extra"]
[Source "ChessBase"]
[SourceDate "2004.05.04"]
[SourceVersion "1"]
[SourceVersionDate "2004.05.04"]
[SourceQuality "1"]

1. e4 c5 2. Nf3 Nc6 3. d4 cxd4 4. Nxd4 d6 5. Nc3 a6 6. Be3 Nf6 7. f3 h6 8. Qd2 Qc7 9. g4 b5 10. h4 Ne5 11. 0-0-0 Nc4 12. Bxc4 Qxc4 13. Kb1 b4 14. Na4 Rb8 15. b3 Qc7 16. Rhg1 Bd7 17. Nb2 a5 18. g5 hxg5 19. hxg5 Ng8 20. Nc4 g6 21. f4 Bg7 22. f5 Rh4 23. f6 exf6 24. Nf3 Rh3 25. Nxd6+ Kf8 26. Rdf1 a4 27. gxf6 Bxf6 28. e5 axb3 29. cxb3 Be7 30. Ng5 Bxd6 31. exd6 Qc6 32. Rxf7+ Ke8 33. Qe2 Bf5+ 34. Rxf5 gxf5 35. Bc5+ Kd8 36. Nxh3 Nh6 37. Qe7+ Kc8 38. Rg7 Qh1+ 39. Bg1 Qe4+ 40. Qxe4 fxe4 41. d7+ Kd8 42. Be3 Rb5 43. Bg5+ Rxg5 44. Nxg5 1-0

[Event "Budapest FS04 FM-B"]
[Site "Budapest"]
[Date "2004.04.05"]
[Round "1.2"]
[White "Merey, Sandor"]
[Black "Ingason, Sigurdur"]
[Result "1/2-1/2"]
[WhiteElo "2000"]
[BlackElo "1937"]
[PlyCount "140"]
[EventDate "2004.04.04"]
[EventType "tourn"]
[EventRounds "10"]
[EventCountry "HUN"]
[SourceTitle "CBM 099 Extra"]
[Source "ChessBase"]
[SourceDate "2004.05.04"]
[SourceVersion "1"]
[SourceVersionDate "2004.05.04"]
[SourceQuality "1"]

1. d4 d5 2. c4 c6 3. e3 Nf6 4. Nc3 g6 5. h3 Bg7 6. Nf3 0-0 7. Qb3 Qb6 8. Qc2 Bf5 9. Bd3 Bxd3 10. Qxd3 Qa6 11. b3 Nfd7 12. Qe2 e6 13. Bd2 dxc4 14. Qxc4 Nb6 15. Qxa6 Nxa6 16. a3 c5 17. Nb5 cxd4 18. Nfxd4 Nc5 19. b4 Ne4 20. f3 Nxd2 21. Kxd2 Rfd8 22. Ke2 a6 23. Nc3 e5 24. Nb3 e4 25. Nd4 Bxd4 26. exd4 exf3+ 27. gxf3 Rxd4 28. Rad1 Re8+ 29. Kf2 Rc4 30. Rd3 f5 31. Rhd1 Kf7 32. R1d2 Rec8 33. Nd1 Rc2 34. Rxc2 Rxc2+ 35. Ke3 Ra2 36. Kd4 Nd7 37. Kd5 Kf6 38. f4 Nb6+ 39. Kc5 Na4+ 40. Kd6 Rc2 41. Kd7 Nb6+ 42. Ke8 Rc8+ 43. Rd8 Rxd8+ 44. Kxd8 Nc4 45. a4 Ke6 46. Kc7 b6 47. Kc6 a5 48. b5 h6 49. h4 Ke7 50. Nc3 g5 51. fxg5 hxg5 52. hxg5 Ke6 53. Ne2 Ke5 54. g6 Kf6 55. Nf4 Kg7 56. Kd5 Nb2 57. Ke5 Nxa4 58. Kxf5 Nc5 59. Nh5+ Kg8 60. g7 Nd7 61. Ke4 a4 62. Kd4 Nc5 63. Kc3 Ne4+ 64. Kb4 Nc5 65. Ka3 Kf7 66. Kb4 Kg8 67. Nf6+ Kxg7 68. Nd5 Nb7 69. Kxa4 Nd6 70. Nxb6 Nxb5 1/2-1/2